| 000 | 02885nam a2200217Ia 4500 | ||
|---|---|---|---|
| 003 | Ost | ||
| 005 | 20260507075008.0 | ||
| 008 | 260507s9999||||xx |||||||||||||| ||und|| | ||
| 040 | _cfsecg | ||
| 041 | _aara | ||
| 082 | _a330.121 | ||
| 100 |
_aالهيتي، عبد الستار _eمؤلف |
||
| 245 | 0 |
_aالسياسة السعرية في المذهب الاقتصادي الاسلامى / _c عبد الستار الهيتي |
|
| 260 |
_aعمان: _bمؤسسة الوراق, _c2005 |
||
| 300 |
_a212 صفحة؛ _c24 سم |
||
| 504 | _aبيبليوغرافيا: ص.197 | ||
| 520 | _aالمحتويات : المقدمة- الفصل الأول: السياسة الاقتصادية للدولة الإسلامية: المبحث الأول: السياسة الاقتصادية في ظل مبدأ الاستخلاف:المبحث الثاني: مبدأ تدخل الدولة في الشؤون الاقتصادية- الفصل الثاني: القيمة والأسعار في المذاهب الاقتصادية المختلفة: المبحث الأول: نظرية القيمة في العصور القديمة والعصر الوسيط:المبحث الثاني: نظرية القيمة في العصور الأوروبية الحديثة: أولا: القيمة والأسعار عند المدرسة الكلاسيكية:ثانيا: القيمة والأسعار عند المدرسة الماركسية:ثالثا: القيمة والأسعار عند المدرسة الكلاسيكية الحديثة:المبحث الثالث: نظرية القيمة في المذهب الاقتصادي الإسلامي- الفصل الثالث: معايير السياسة السعرية في الاقتصاد الإسلامي: المبحث الأول: مفهوم السياسة السعرية وارتباطها بالعملية الاقتصادية:المبحث الثاني: الصياغة السعرية في المذهب الاقتصادي الإسلامي- الفصل الرابع: التسعير – حكمه – وسائل تطبيقه: المبحث الأول: التسعير وحكمه في الإسلام:المبحث الثاني: دوافع التسعير في الاقتصاد الإسلامي:المبحث الثالث: وسائل تطبيق التسعير في الاقتصاد الإسلامي- الفصل الخامس: جهاز الرقابة السعرية في الاقتصاد الإسلامي: المبحث الأول: الحسبة ودورها في التقييس والمواصفات:المبحث الثاني: الحسبة ودورها في تنظيم الأسواق ومراقبة الأسعار:المبحث الثالث: إجراءات الحسبة والمحتسب في معالجة الانحرافات الاقتصادية:الخاتمة. | ||
| 653 | _aالإقتصاد الاسلامي | ||
| 653 | _aالتنمية الاقتصادية | ||
| 942 | _cكتاب | ||
| 999 |
_c42130 _d42130 |
||